| 000 | 00753nam a22002412 4500 | ||
|---|---|---|---|
| 001 | 0000003243 | ||
| 005 | 20151217145733.0 | ||
| 008 | 070502s xx 000 0 eng d | ||
| 020 |
_a0072323493 : _cKES 500 (donation) |
||
| 040 |
_aKABU _cKABU |
||
| 050 | 0 |
_aHQ796 _b.S26 2001 |
|
| 100 | 1 |
_aSantrock, John W. _@0000152988 |
|
| 245 | 1 | 0 |
_aAdolescence / _cJohn W. Santrock. |
| 250 | _a8th ed. | ||
| 260 |
_aBoston : _bMcGraw-Hill, _cc2001. |
||
| 300 |
_axxix, 497 p. : _bill. (some col.) ; _c28 cm. |
||
| 504 | _aIncludes bibliographical references and indexes. | ||
| 650 | 0 |
_aAdolescence. _@0000152989 |
|
| 650 | 0 |
_aAdolescent psychology. _@0000004667 |
|
| 908 | _a070502 | ||
| 950 | _@1 | ||
| 999 |
_c2092 _d2092 |
||